Statistiques concernant Quel est ce Pokémon ? par image #10

Cliquez ici pour prendre le quiz!

Statistiques générales

  • Ce quiz a été pris 34 fois
    (25 depuis la dernière actualisation)
  • Le résultat moyen est 12 sur 16

Statistiques - réponses

Réponse% Correct
Grenousse
96%
Stari
96%
Baggiguane
92%
Typhlosion
92%
Zébibron
88%
Flotajou
83%
Goélise
83%
Denticrisse
79%
Hélédelle
79%
Kravarech
71%
Rozbouton
67%
Scobolide
67%
Ethernatos
63%
Mushana
63%
Regieleki
63%
Dogrino
54%

Distribution des résultats

Percentile par nombre de réponses

% des personnes avec chaque résultat

Votre développement - résultats

Vous n’avez pas pris ce quiz depuis la dernière actualisation